| 000 | 00549nam a22002057a 4500 | ||
|---|---|---|---|
| 008 | 140607b xxu||||| |||| 00| 0 eng d | ||
| 020 | _a9-7801-9927-0361 | ||
| 050 | _a22 ed | ||
| 082 |
_2346 _aCRI |
||
| 100 | _aHale, Chris | ||
| 245 |
_aCriminology / _cEdited by Chris Hale ... [et. al] |
||
| 260 |
_aUSA : _bOxford university press _c2005 |
||
| 300 |
_axxxv, 594 P. ; _c23 cm. |
||
| 500 | _aIncludes index | ||
| 650 | _aCriminology | ||
| 700 | _aHayward, Keith | ||
| 700 | _aWahidin, Azrini | ||
| 700 | _aWincup, Emma | ||
| 942 |
_2ddc _cBK |
||
| 999 |
_c5862 _d5862 |
||